000 00697nam a2200205 a 4500
003 0
005 20250203124247.0
008 130830s19uu xx 00 eng d
050 _aPGS HQ 755.8
_b.Ah286 2013
100 _aAhmed, Sharina.
245 _aMaternal work status and the academic performance of the students /
_cSharina Ahmed.
260 _aLas PiƱas City, Philippines :
_bSouthville International School and Colleges,
_c2013.
300 _a25 p. :
_bill. ;
_c28 cm.
504 _aIncludes bibliographical references.
650 _aMaternal work status.
650 _aEmployment and children.
650 _aAcademic achievement.
650 _aWork and family.
942 _2lcc
_cPASS
999 _c99061
_d99061